African pastoralist systems : an integrated approach

Αποθηκεύτηκε σε:
Λεπτομέρειες βιβλιογραφικής εγγραφής
Άλλοι συγγραφείς: Fratkin, Elliot M. (Επιμελητής έκδοσης), Galvin, Kathleen A. 1949- (Επιμελητής έκδοσης), Roth, Eric Abella (Επιμελητής έκδοσης)
Μορφή: Βιβλίο
Γλώσσα:English
Δημοσίευση: Boulder; London : Lynne Rienner Publishers, c1994
Θέματα:
Ετικέτες: Προσθήκη ετικέτας
Δεν υπάρχουν, Καταχωρήστε ετικέτα πρώτοι!

MARC

LEADER 00000nam a2200000 i 4500
001 1/94566
008 991126s1994 eng d
020 |a 1-55587-322-7 
035 |l 10054875 
040 |a GR-MY-UA  |b gre  |e aacr 
041 0 |a eng 
082 0 |a 306.096 
245 1 0 |a African pastoralist systems :  |b an integrated approach /  |c edited by Elliot Fratkin, Kathleen A. Galvin, Eric Abella Roth 
260 |a Boulder; London :   |b Lynne Rienner Publishers,   |c c1994 
300 |a 246 p. 
504 |a Includes bibliographical references and index 
650 0 0 |a Pastoral systems  |z Africa. 
650 0 0 |a Nomads  |z Africa. 
650 0 0 |a Human ecology  |z Africa. 
651 0 |a Africa  |x Social conditions. 
700 1 |a Fratkin, Elliot M.  |4 edt 
700 1 |a Galvin, Kathleen A.  |d 1949-  |4 edt 
700 1 |a Roth, Eric Abella.  |4 edt 
852 |a INST  |b LESVOS  |e 19991126  |h 306.096 AFR  |p 005100022155  |q 005100022155  |t BK  |y 0 
901 |a BIBL1-2000-1 
909 |a Λ  |b 070193 
922 |a 1ΕΛΗ  |b 199911  |c ΚΠΣ/ΤΓ  |d LEADER 
950 |a 118-1999-09-03 
970 |a ΤΖΑΦΕΡΗ  |b ΕΥΑΓΓΕΛΙΑ  |z 2000/01/19